Macroeconomics : (Record no. 145708)

MARC details
000 -LEADER
fixed length control field 00899nam a22002297a 4500
005 - DATE AND TIME OF LATEST TRANSACTION
control field 20191115164809.0
010 ## - LCCN (DPL NO)
LC control number 1718EN-30 B-731091
020 ## - INTERNATIONAL STANDARD BOOK NUMBER
International Standard Book Number 9789332579439
Terms of availability 699.00
035 ## - SYSTEM CONTROL NUMBER
System control number B-684126-136
037 ## - SOURCE OF ACQUISITION
Source of stock number/acquisition BSB
Stock number dpl
082 ## - DEWEY DECIMAL CLASSIFICATION NUMBER
Classification number 339.5
100 ## - MAIN ENTRY--PERSONAL NAME
Personal name Mishkin, Frederic S.
245 ## - TITLE STATEMENT
Title Macroeconomics :
Statement of responsibility, etc by Frederic S. Mishkin
Remainder of title policy and practice /
250 ## - EDITION STATEMENT
Edition statement 2nd ed
260 ## - PUBLICATION, DISTRIBUTION, ETC. (IMPRINT)
Place of publication, distribution, etc Noida
Name of publisher, distributor, etc Pearson
Date of publication, distribution, etc 2017
270 ## - ADDRESS
Address 15th Floor, Tower-B, World Trade Tower, Plot No.1, Block-C, Sector-16
City Noida
Postal code 201301
300 v# - PHYSICAL DESCRIPTION
Extent various pagings
Dimensions 23cm(pbk)
500 ## - GENERAL NOTE
General note Includes index
942 ## - ADDED ENTRY ELEMENTS (KOHA)
Source of classification or shelving scheme Dewey Decimal Classification
Item type English Books
Call number suffix MIS
Classification part 339.5
Holdings
Withdrawn status Lost status Not for loan Collection code Home library Current library Date acquired Source of acquisition Cost, normal purchase price Full call number Barcode Copy number Cost, replacement price Koha item type
      Non-fiction Ashok Vihar Ashok Vihar 12/02/2018 BSB/299/1.12.2017/BPPB/EN/2017-18/641/20.11.17/14.12.2017 699.00 339.5 MIS B-684127 1 699.00 English Books
      Non-fiction Bawana Bawana 12/02/2018 BSB/299/1.12.2017/BPPB/EN/2017-18/641/20.11.17/14.12.2017 699.00 339.5 MIS B-684134 1 699.00 English Books
      Non-fiction Central Library Central Library 12/02/2018 BSB/299/1.12.2017/BPPB/EN/2017-18/641/20.11.17/14.12.2017 699.00 339.5 MIS B-684126 1 699.00 English Books
      Non-fiction Janak Puri Janak Puri 12/02/2018 BSB/299/1.12.2017/BPPB/EN/2017-18/641/20.11.17/14.12.2017 699.00 339.5 MIS B-684130 1 699.00 English Books
      Non-fiction Kadipur Kadipur 12/02/2018 Gift/ Eng./13.11.2019 699.00 339.5 MIS B-731091 1 699.00 English Books
      Non-fiction Kasturba Gandhi Marg Kasturba Gandhi Marg 12/02/2018 BSB/299/1.12.2017/BPPB/EN/2017-18/641/20.11.17/14.12.2017 699.00 339.5 MIS B-684129 1 699.00 English Books
      Non-fiction Narela Narela 12/02/2018 BSB/299/1.12.2017/BPPB/EN/2017-18/641/20.11.17/14.12.2017 699.00 339.5 MIS B-684133 1 699.00 English Books
      Non-fiction Patel Nagar Patel Nagar 12/02/2018 BSB/299/1.12.2017/BPPB/EN/2017-18/641/20.11.17/14.12.2017 699.00 339.5 MIS B-684128 1 699.00 English Books
      Non-fiction R.C.Libraries (zls) R.C.Libraries (zls) 12/02/2018 BSB/299/1.12.2017/BPPB/EN/2017-18/641/20.11.17/14.12.2017 699.00 339.5 MIS B-684136 1 699.00 English Books
      Non-fiction R.K.Puram-8 R.K.Puram-8 12/02/2018 BSB/299/1.12.2017/BPPB/EN/2017-18/641/20.11.17/14.12.2017 699.00 339.5 MIS B-684132 1 699.00 English Books
      Non-fiction Sarojini Nagar Sarojini Nagar 12/02/2018 BSB/299/1.12.2017/BPPB/EN/2017-18/641/20.11.17/14.12.2017 699.00 339.5 MIS B-684131 1 699.00 English Books
      Non-fiction Shahdara Branch Shahdara Branch 12/02/2018 BSB/299/1.12.2017/BPPB/EN/2017-18/641/20.11.17/14.12.2017 699.00 339.5 MIS B-684135 1 699.00 English Books

© Delhi Public Library
Hit Counter
free hit counter